Statistics for Morocco City Quiz

Click here to take the quiz!

General Stats

  • This quiz has been taken 210 times
  • The average score is 8 of 10

Answer Stats

City% Correct
Casablanca
99%
Rabat
96%
Marrakesh
93%
Fes
91%
Tangier
86%
Agadir
80%
Meknes
72%
Oujda
61%
Kenitra
49%
Sale
44%

Score Distribution

Percentile by Number Answered

Percent of People with Each Score

Your Score History

You have not taken this quiz